000 00557cam a22001814a 4500
005 20250605164401.0
008 250528s ||||||||||||||||||||||||d
035 _a24603
040 _aGR-AtMCL
_bgre
_dGR-AtMCL
_eAACR2
245 1 _aAramco World
260 _bAramco Americas,
_c2020
300 _a40
520 _aSitar Master of Maryland, A League of Their Own, The Future's Golden Fiber, Artists Answer Covid-19, The Westward Journeys of Buttons, Flavors.
700 1 _aDoughty Richard
_99493
942 _cCR
999 _c9472
_d9472